Представление документа в формате RUSMARC

ПолеНазваниеЗначение
  Тип записи c
  Библиографический уровень m
001 Контрольный номер RU/IS/BASE/484146510
005 Дата корректировки 20251119192428.6
010 Индекс ISBN __
9 Тираж 3000 экз.
013 Номер (ISMN) __
d Цена 75 к.
071 Издательские номер (звукозапись и ноты) 21
a Номер, присвоенный агентством 6999
100 Данные общей обработки __
a Данные общей обработки 20150505d1984 u y0rusy0189||||ca
101 Язык документа 0_
a Язык текста rus
f Язык титульного листа rus
102 Страна публикации __
a Страна публикации RU
105 Кодированные данные (монография) __
a Кодированные данные (монография) y###||||000|y
125 Кодированные данные звукозаписи и нотных изданий __
a Форма изложения нотного текста с|
128 Кодированные данные (звукозаписи-физические характеристики) __
a Кодированные данные: Музыкальная форма и тональность или лад zz
c Инструменты или голоса, рекомендуемые для солистов (устаревшее) kt||
200 Заглавие и сведения об ответственности 1_
a Заглавие Вып. 12
b Общее обозначение материала Ноты
f Первые сведения об ответственности сост. и исполн. ред. В. Накапкина
210 Выходные данные 1_
d Дата издания 1984
215 Физическое описание __
a Объем 47 с.
327 Примечание о содержании 11
a Примечание о содержании Содерж. : Шостакович Д. Адажио. - Свиридов Г. Музыкальный момент. - Раков Н. Рассказ. - Гедике А. Песня веретена. - Шендерев Г. Скерцо. - Лондонов П. Пассакалья. - Раков Н. Арабеска. - Егоров В. Леший : из сюиты "У Лукоморья". - Онуфриенко А. Сонатина. - Эйгес К. Русская песня. - Глинка М. Фуга. - Барток Б. Вечер в деревне. - Бетховен Л. Сонатина : Фа маж. : ч. 1. - Бах И. С. Инвенция : До маж. - Ты воспой в саду, соловейка : рус. нар. песня / обраб. Н. Канаева. - Ой, дiвчина, шумить гай : укр. нар. песня / обраб. В. Накапкина.
461 Уровень набора _0
1 001RU/УОНБ/EK_N/483976872
1 200
a Готово-выборный баян в музыкальном училище
b Ноты
v Вып. 12
1 210
a М.
c Советский композитор
d 1973 -
464 Аналитический уровень _0
1 2001
a Адажио
1 700 1
a Шостакович
b Д.
4 230
464 Аналитический уровень _0
1 2001
a Музыкальный момент
1 700 1
a Свиридов
b Г.
4 230
464 Аналитический уровень _0
1 2001
a Рассказ
1 700 1
a Раков
b Н.
4 230
464 Аналитический уровень _0
1 2001
a Песня веретена
1 700 1
a Гедике
b А.
4 230
464 Аналитический уровень _0
1 2001
a Скерцо
1 700 1
a Шендерев
b Г.
4 230
464 Аналитический уровень _0
1 2001
a Пассакалья
1 700 1
a Лондонов
b П.
4 230
464 Аналитический уровень _0
1 2001
a Арабеска
1 700 1
a Раков
b Н.
4 230
464 Аналитический уровень _0
1 2001
a Леший
e из сюиты "У Лукоморья"
1 700 1
a Егоров
b В.
4 230
464 Аналитический уровень _0
1 2001
a Сонатина
1 700 1
a Онуфриенко
b А.
4 230
464 Аналитический уровень _0
1 2001
a Русская песня
1 700 1
a Эйгес
b К.
4 230
464 Аналитический уровень _0
1 2001
a Фуга
1 700 1
a Глинка
b М.
4 230
464 Аналитический уровень _0
1 2001
a Вечер в деревне
1 700 1
a Барток
b Б.
4 230
464 Аналитический уровень _0
1 2001
a Сонатина
e Фа маж.
e ч. 1
1 700 1
a Бетховен
b Л.
4 230
464 Аналитический уровень _0
1 2001
a Инвенция
e До маж.
1 700 1
a Бах
b И. С.
4 230
464 Аналитический уровень _0
1 2001
a Ты воспой в саду, соловейка
e рус. нар. песня
1 702 1
a Канаев
b Н.
4 030
464 Аналитический уровень _0
1 2001
a Ой, дiвчина, шумить гай
e укр. нар. песня
1 702 1
a Накапкин
b В.
4 030
512 Заглавие обложки 1_
a Заглавие обложки Готово-выборный баян в музыкальном училище
606 Тематические рубрики 0_
a Основная рубрика Готово-выборный баян
x Основная подрубрика Педагогический репертуар музыкальных училищ
610 Ключевые слова 0_
a Ключевые слова готово-выборный баян
610 Ключевые слова 0_
a Ключевые слова педагогический репертуар музыкальных училищ
686 Индексы других классификаций __
a Классификационный индекс 85.954.698я43
2 Код системы rubbk
702 Вторичная интеллектуальная ответственность _1
a Фамилия Накапкин
b Имя (инициалы) В. Д.
4 Код отношения 220
4 Код отношения 340
801 Источник записи _0
a Страна RU
b Организация Ульяновская ОНБ
c Дата составления 20150505
g Правила каталогизации RCR
801 Источник записи _1
a Страна RU
b Организация Ульяновская ОНБ
c Дата составления 20150505
g Правила каталогизации RCR
901 Тип документа __
t Тип документа n
w Контрольный № источника RU/УОНБ/EK_N/483976872
909 Создатель записи __
a Создатель записи Грязнова И. Е.
910 Корректоры записи __
a Корректор записи Васина
938 Служебная информация __
a Имя БД noti
b Имя библиотеки УОНБ
c Имя АИБС МАРК-SQL
d Номер DOC_ID в БД 13177